000 00772nam a22002177a 4500
003 NUST-PNEC
005 20170116180733.0
008 141120b xxu||||| |||| 00| 0 eng d
020 _a8176352918
020 _a 0672315432
040 _cPNEC
082 _a005.369 HAR
100 _91016
_aHarris Matthew
245 _aTeach yourself Microsoft Excel 2000 programming in 21 days
_cMatthew Harris
260 _aNew Delhi Techmedia 1999
300 _axvii, 1145 p. :
_bill. :
_c24 cm.
500 _aIncludes index.
650 _xMIS, Computer
856 _uhttp://www.amazon.com/Sams-Teach-Yourself-Excel-Programming/dp/0672315432/ref=sr_1_1?s=books&ie=UTF8&qid=1416463399&sr=1-1&keywords=Teach+yourself+Microsoft+Excel+2000+programming+in+21+days
942 _2ddc
_cBK
999 _c61869
_d61869